| 000 | 00365nam a2200145Ia 4500 | ||
|---|---|---|---|
| 008 | 150201s2001 xx 000 0 und d | ||
| 082 |
_a611.313 _bD2001D |
||
| 100 | _aDAS, ARUP.K. | ||
| 245 | _aDENTAL ANATOMY & ORAL HISTOLOGY | ||
| 250 | _a1ST | ||
| 260 |
_bCURRENT BOOKS INTERNATIONAL _aCALCUTTA _c2001 |
||
| 300 | _a1-240 | ||
| 650 | _aANATOMY | ||
| 942 |
_2ddc _cBK |
||
| 999 |
_c3442 _d3442 |
||